[Event "Open Loire 2008-2009"]
[Site "Loire"]
[Date "2009.01.10"]
[Round "5.16"]
[White "Mougne, William"]
[Black "Choquelle, Jean"]
[Result "1-0"]
[WhiteElo "1399"]
[BlackElo "1120"]
[PlyCount "53"]
[EventDate "2009.??.??"]

1. d4 g6 2. e4 Bg7 3. Nf3 Nf6 4. Bg5 Nxe4 5. Nc3 Nd6 6. Bd3 O-O 7. O-O f5 8.
Bf4 e5 9. dxe5 Bxe5 10. Bxe5 Nf7 11. Bg7 Kxg7 12. Qe2 Re8 13. Bc4 c6 14. Qd3 d5
15. Rfe1 Be6 16. Qd4+ Kf8 17. Bd3 Nd7 18. Qb4+ Kg8 19. Qxb7 Nfe5 20. Nxe5 Re7
21. Nxc6 Qf8 22. Nxe7+ Kg7 23. Rxe6 Nc5 24. Qxd5 Nxd3 25. Qxd3 Qf7 26. Qxf5 Rf8
27. Rf1 1-0

[Event "Open Loire 2008-2009"]
[Site "Loire"]
[Date "2009.01.10"]
[Round "5.17"]
[White "Swietlicki, Jordan"]
[Black "Massard, Quentin"]
[Result "1-0"]
[WhiteElo "1210"]
[BlackElo "1200"]
[PlyCount "35"]
[EventDate "2009.??.??"]

1. e4 g6 2. d4 Bg7 3. Nc3 e6 4. Nf3 Ne7 5. Be2 O-O 6. O-O d5 7. e5 Nd7 8. Be3
c5 9. Nb5 Nf5 10. Bf4 cxd4 11. Nfxd4 Nxd4 12. Qxd4 a6 13. Nc3 Qc7 14. Qd2 Nxe5
15. Bh6 Bxh6 16. Qxh6 d4 17. Ne4 Qxc2 18. Nf6+ 1-0

[Event "Open Loire 2008-2009"]
[Site "Loire"]
[Date "2009.01.10"]
[Round "5.18"]
[White "Geraci, Georges"]
[Black "Laffin, Mickael"]
[Result "0-1"]
[WhiteElo "1140"]
[BlackElo "1199"]
[PlyCount "128"]
[EventDate "2009.??.??"]

1. d4 d5 2. c4 c6 3. Nc3 Nf6 4. e3 e6 5. h3 Bb4 6. Bd2 a6 7. Nf3 b5 8. Ne5 O-O
9. c5 a5 10. a3 Bxc3 11. Bxc3 Ne4 12. Bd3 Nxc3 13. bxc3 Na6 14. O-O b4 15. Qb3
bxc3 16. Qxc3 Qg5 17. Qc2 Nc7 18. Rab1 Ba6 19. Nf3 Qh6 20. Rfe1 Bxd3 21. Qxd3
f6 22. Rb2 Rab8 23. Rbe2 e5 24. dxe5 fxe5 25. Nxe5 Rbe8 26. Nd7 Rf7 27. Nb6 Re5
28. Nc8 Rf6 29. Nd6 Rg6 30. Kh2 Qg5 31. f3 Qg3+ 32. Kg1 Reg5 33. Qxg6 Rxg6 34.
Nf5 Qg5 35. e4 dxe4 36. fxe4 Ne6 37. Rf2 Nxc5 38. h4 Qf6 39. e5 Qd8 40. h5 Rg5
41. h6 Nd3 42. Rd1 gxh6 43. Nxh6+ Kg7 44. Nf5+ Kg6 45. Nh4+ Kh5 46. Nf3 Rf5 47.
Kh2 Qb6 48. Rfd2 Nxe5 49. Nxe5 Rxe5 50. Rd8 Qf2 51. R8d2 Re2 52. Rxe2 Qxe2 53.
Rd8 c5 54. Ra8 c4 55. Rxa5+ Kh4 56. Ra4 Qe5+ 57. Kg1 Qc5+ 58. Kh2 Qc6 59. Rb4
Kh5 60. a4 c3 61. Rb5+ Kg4 62. Rb4+ Kf5 63. Rb5+ Ke4 64. Rb4+ Kd3 0-1

[Event "Open Loire 2008-2009"]
[Site "Loire"]
[Date "2009.01.10"]
[Round "6.1"]
[White "Moleins, Adrien"]
[Black "Jan, Christophe"]
[Result "0-1"]
[WhiteElo "1582"]
[BlackElo "1700"]
[PlyCount "60"]
[EventDate "2009.??.??"]

1. e4 c5 2. Nc3 Nc6 3. b3 e5 4. Bb2 Nf6 5. g3 Be7 6. Bg2 d6 7. Nge2 O-O 8. O-O
a6 9. f4 Bg4 10. h3 Bxe2 11. Nxe2 Rc8 12. c4 b5 13. d3 Qb6 14. Qd2 b4 15. g4
Nd7 16. f5 Qd8 17. Bc1 h6 18. Bf3 Bg5 19. Qd1 Bxc1 20. Rxc1 Qh4 21. Kh2 Nd4 22.
Nxd4 exd4 23. Qd2 Ne5 24. Be2 a5 25. Rf4 g5 26. Rff1 f6 27. Ra1 Rf7 28. a3 h5
29. gxh5 g4 30. Rg1 Qxh3# 0-1

[Event "Open Loire 2008-2009"]
[Site "Loire"]
[Date "2009.01.10"]
[Round "6.2"]
[White "Mazet, Christian"]
[Black "Moleins, Jean-Pierre"]
[Result "1-0"]
[WhiteElo "1570"]
[BlackElo "1730"]
[PlyCount "45"]
[EventDate "2009.??.??"]

1. d4 d5 2. c4 dxc4 3. Nc3 e6 4. e4 Bb4 5. Bxc4 Ne7 6. Be3 O-O 7. Nf3 Nd7 8.
O-O c6 9. Qc2 b5 10. Bd3 Nb6 11. b3 Bd7 12. a3 Bxc3 13. Qxc3 a5 14. Rfe1 a4 15.
Bc2 f5 16. Bg5 fxe4 17. Bxe4 Nbd5 18. Bxd5 cxd5 19. Qb4 Rf7 20. Ne5 Nc6 21.
Nxf7 Qxg5 22. Nxg5 Nxb4 23. axb4 1-0

[Event "Open Loire 2008-2009"]
[Site "Loire"]
[Date "2009.01.10"]
[Round "6.3"]
[White "Trottet, Francois"]
[Black "Carteron, Olivier"]
[Result "0-1"]
[WhiteElo "1480"]
[BlackElo "1660"]
[PlyCount "62"]
[EventDate "2009.??.??"]

1. e4 e6 2. d4 d5 3. Nc3 Nf6 4. Bg5 Be7 5. e5 Nfd7 6. Bxe7 Qxe7 7. Nf3 O-O 8.
Bd3 a6 9. Qd2 c5 10. Ng5 h6 11. Nf3 cxd4 12. Ne2 Nc6 13. O-O Ndxe5 14. Nexd4
Nxd3 15. Qxd3 e5 16. Rae1 e4 17. Nxc6 bxc6 18. Qc3 Qd6 19. Qe5 Rd8 20. Qxd6
Rxd6 21. Nd4 a5 22. Re3 Ba6 23. Rd1 Rb8 24. Nf5 Rf6 25. Nd4 Rxb2 26. Rc3 Bc4
27. a3 a4 28. g3 c5 29. h4 cxd4 30. Rxd4 Rb1+ 31. Kh2 Rxf2+ 0-1

[Event "Open Loire 2008-2009"]
[Site "Loire"]
[Date "2009.01.10"]
[Round "6.4"]
[White "Volay, Pascal"]
[Black "Perez, Christian"]
[Result "1-0"]
[WhiteElo "1450"]
[BlackElo "1480"]
[PlyCount "101"]
[EventDate "2009.??.??"]

1. e4 e6 2. d4 d5 3. exd5 exd5 4. Be2 Nf6 5. Nf3 Bb4+ 6. c3 Ba5 7. Bg5 O-O 8.
O-O Qd6 9. Bxf6 Qxf6 10. Re1 Be6 11. Qd2 h6 12. Qd1 Nd7 13. b4 Bb6 14. Nbd2 a5
15. a3 axb4 16. axb4 c6 17. Qc2 Bc7 18. g3 Nb6 19. Kh1 Bf5 20. Bd3 Bxd3 21.
Qxd3 Nc4 22. Nxc4 dxc4 23. Qe2 Qd8 24. Qxc4 Rxa1 25. Rxa1 Re8 26. Re1 Rxe1+ 27.
Nxe1 Qe7 28. Qf1 Qe4+ 29. Kg1 Kh8 30. Nd3 b6 31. Qd1 f5 32. Qd2 g5 33. Qe3 Qxe3
34. fxe3 Kg7 35. c4 Kf6 36. Kf2 Ke6 37. h3 Bd8 38. Ne5 c5 39. bxc5 bxc5 40. Nc6
Kd7 41. Nxd8 Kxd8 42. d5 Kd7 43. Kf3 Kd6 44. g4 fxg4+ 45. hxg4 Ke5 46. e4 Kd6
47. Ke2 Ke5 48. Kd3 Kd6 49. Kc3 Ke5 50. Kb3 Kd6 51. Ka4 1-0

[Event "Open Loire 2008-2009"]
[Site "Loire"]
[Date "2009.01.10"]
[Round "6.5"]
[White "Desassis, Maxence"]
[Black "Ben Habchi, Nordine"]
[Result "1-0"]
[WhiteElo "1570"]
[BlackElo "1540"]
[PlyCount "169"]
[EventDate "2009.??.??"]

1. d4 e5 2. c3 exd4 3. cxd4 Nf6 4. Nf3 d5 5. e3 c5 6. Qa4+ Bd7 7. Bb5 Nc6 8.
Nc3 cxd4 9. Nxd4 Nxd4 10. Bxd7+ Nxd7 11. exd4 Be7 12. Nxd5 O-O 13. O-O Nb6 14.
Nxe7+ Qxe7 15. Qb3 Qd6 16. Qc3 Nd5 17. Qc5 Qe6 18. Bd2 b6 19. Qc4 Rfc8 20. Qb3
Qf5 21. Rac1 h6 22. h3 Nc7 23. Rfe1 Ne6 24. Rxc8+ Rxc8 25. Be3 Qe4 26. Kf1 Nxd4
27. Bxd4 Qxd4 28. Rd1 Qe5 29. a3 Qh2 30. g4 Qh1+ 31. Ke2 Re8+ 32. Kd2 Rd8+ 33.
Kc1 Rxd1+ 34. Qxd1 Qxh3 35. f3 Qg3 36. Qd8+ Kh7 37. Qd3+ g6 38. Qd5 Kg7 39.
Qd4+ Kh7 40. Qd5 Qe1+ 41. Kc2 Qe2+ 42. Kc3 Kg7 43. Qd4+ Kh7 44. Qd5 Qe3+ 45.
Qd3 Qc5+ 46. Qc4 Qxc4+ 47. Kxc4 h5 48. Kd3 h4 49. Ke2 g5 50. Ke3 Kg6 51. f4 h3
52. f5+ Kf6 53. Kf3 Ke5 54. Kg3 h2 55. Kxh2 Kf4 56. Kh3 f6 57. a4 a5 58. b3 Ke4
59. Kg3 Kd4 60. Kf3 Kc3 61. Ke4 Kxb3 62. Kd5 Kxa4 63. Ke6 Kb3 64. Kxf6 a4 65.
Kxg5 a3 66. f6 a2 67. f7 a1=Q 68. f8=Q Qe5+ 69. Qf5 Qg7+ 70. Kf4 Qc7+ 71. Qe5
Qc1+ 72. Qe3+ Qxe3+ 73. Kxe3 Kc4 74. Ke4 b5 75. g5 b4 76. g6 b3 77. g7 Kc3 78.
g8=Q b2 79. Qg1 Kc2 80. Qf2+ Kc1 81. Qe1+ Kc2 82. Qe2+ Kb3 83. Qd1+ Ka2 84.
Qa4+ Kb1 85. Kd3 1-0

[Event "Open Loire 2008-2009"]
[Site "Loire"]
[Date "2009.01.10"]
[Round "6.6"]
[White "Gregoire, Patrick"]
[Black "Desassis, Jean-Francois"]
[Result "1-0"]
[WhiteElo "1560"]
[BlackElo "1520"]
[PlyCount "63"]
[EventDate "2009.??.??"]

1. e4 c5 2. Nf3 d6 3. Bc4 Nc6 4. O-O Bg4 5. Bxf7+ Kxf7 6. Ng5+ Ke8 7. Qxg4 Qd7
8. Qh5+ g6 9. Qf3 Nf6 10. Nc3 Nd4 11. Qd3 Qg4 12. f4 Bh6 13. Nb5 Ne2+ 14. Kh1
Kf8 15. Nc7 Rc8 16. Nce6+ Ke8 17. Qb5+ Rc6 18. Qxb7 Bxg5 19. Qxc6+ Kf7 20.
Nxg5+ Kg7 21. b3 Nxf4 22. e5 dxe5 23. d3 Qxg5 24. Bxf4 exf4 25. Rae1 Re8 26.
Qc7 Ng4 27. Rxf4 Qh4 28. Qe5+ Kh6 29. h3 Nf2+ 30. Kh2 Ng4+ 31. Rxg4 Qf2 32.
Rge4 1-0

[Event "Open Loire 2008-2009"]
[Site "Loire"]
[Date "2009.01.10"]
[Round "6.7"]
[White "Brachet, Gerard"]
[Black "Chambosse, Alexis"]
[Result "0-1"]
[WhiteElo "1400"]
[BlackElo "1540"]
[PlyCount "88"]
[EventDate "2009.??.??"]

1. e4 e5 2. Nf3 Nc6 3. c3 Nf6 4. d3 Bc5 5. b4 Bb6 6. a4 a5 7. b5 Ne7 8. Nxe5 d6
9. Nf3 Ng4 10. d4 O-O 11. h3 Nf6 12. Bd3 h6 13. Ba3 Re8 14. O-O c5 15. bxc6
bxc6 16. Nbd2 d5 17. e5 Nh7 18. g4 f6 19. Qc2 Ng5 20. Nxg5 hxg5 21. Bxe7 Rxe7
22. Nf3 Bc7 23. Rae1 Qf8 24. Bg6 fxe5 25. Nxg5 Qf4 26. Bf7+ Rxf7 27. Nxf7 Qxf7
28. dxe5 Ba6 29. e6 Qf4 30. f3 Bxf1 31. Rxf1 Qg3+ 32. Qg2 Bb6+ 33. Kh1 Qxg2+
34. Kxg2 Re8 35. Re1 g5 36. Re5 Bd8 37. Kf2 Kg7 38. Ke3 Bb6+ 39. Kd3 Kf6 40.
Re2 Rxe6 41. Rxe6+ Kxe6 42. c4 Ke5 43. cxd5 cxd5 44. Ke2 Kf4 0-1

[Event "Open Loire 2008-2009"]
[Site "Loire"]
[Date "2009.01.10"]
[Round "6.8"]
[White "Schlick, Paul"]
[Black "Megnot, Philippe"]
[Result "0-1"]
[WhiteElo "1380"]
[BlackElo "1450"]
[PlyCount "150"]
[EventDate "2009.??.??"]

1. d4 d5 2. c4 c6 3. Nc3 Nf6 4. Nf3 g6 5. Bf4 Bg7 6. e3 O-O 7. Qb3 e6 8. Bd3
Nbd7 9. O-O Nb6 10. c5 Nbd7 11. Bd6 Re8 12. h3 Bf8 13. Bh2 h6 14. Qc2 Nh7 15.
Ne5 Nxe5 16. Bxe5 Qg5 17. b4 a6 18. a4 Bd7 19. b5 axb5 20. axb5 Nf6 21. Bf4 Qh4
22. bxc6 Bxc6 23. Bg3 Qg5 24. h4 Qg4 25. Be2 Qf5 26. Bd3 Ne4 27. Nxe4 dxe4 28.
Be2 Rxa1 29. Rxa1 Qf6 30. Qb2 Qe7 31. Bb5 Qd7 32. Bxc6 Qxc6 33. Rb1 Re7 34. Qb6
Qxb6 35. cxb6 Rd7 36. Rc1 Bd6 37. Rc7 Bxc7 38. bxc7 Rxc7 39. Bxc7 b5 40. Bd6 f5
41. Kf1 Kf7 42. Ke2 Ke8 43. Kd2 Kd7 44. Kc3 Kxd6 45. Kb4 Kc6 46. g3 h5 47. Ka5
b4 48. Kxb4 Kd5 49. Kb5 e5 50. dxe5 Kxe5 51. Kc5 Ke6 52. Kc6 Kf6 53. Kd6 g5 54.
hxg5+ Kxg5 55. Ke5 Kg4 56. Kf6 Kf3 57. Kxf5 Kxf2 58. Kf4 Kg2 59. g4 h4 60. g5
h3 61. g6 h2 62. g7 h1=Q 63. g8=Q+ Kf2 64. Qg3+ Ke2 65. Qg4+ Qf3+ 66. Qxf3+
exf3 67. Kg3 f2 68. e4 f1=Q 69. e5 Qf5 70. e6 Qxe6 71. Kf4 Qe8 72. Kf5 Ke3 73.
Kf6 Ke4 74. Kg7 Qe6 75. Kf8 Qd7 0-1

[Event "Open Loire 2008-2009"]
[Site "Loire"]
[Date "2009.01.10"]
[Round "6.9"]
[White "Rogues, Jean-Luc"]
[Black "Kotur, Sava"]
[Result "0-1"]
[WhiteElo "1360"]
[BlackElo "1650"]
[PlyCount "128"]
[EventDate "2009.??.??"]

1. d4 d5 2. c4 c6 3. Nc3 Nf6 4. Bf4 g6 5. e3 Bg7 6. Bd3 Nbd7 7. Nge2 Nh5 8. Qc2
Nxf4 9. Nxf4 Nf6 10. O-O a6 11. a4 e6 12. b4 Bd7 13. b5 axb5 14. axb5 O-O 15.
Qb2 Qc7 16. b6 Qb8 17. Rxa8 Qxa8 18. Ra1 Qb8 19. Ra7 Ng4 20. c5 g5 21. Be2 gxf4
22. Bxg4 f5 23. Bf3 fxe3 24. fxe3 e5 25. Nxd5 cxd5 26. Bxd5+ Kh8 27. Rxb7 Qc8
28. Rc7 Qd8 29. c6 Bc8 30. Bf7 exd4 31. Qb4 dxe3 32. Bh5 Bd4 33. Kf1 Ba6+ 34.
Kg1 e2+ 35. Kh1 Bxb6 36. Rd7 Qf6 37. Bxe2 Bxe2 38. Qxb6 Qa1+ 39. Qg1 Qxg1+ 40.
Kxg1 Bb5 41. Rd6 Rc8 42. Rf6 Bd3 43. Kf2 Be4 44. g3 Rxc6 45. Rxc6 Bxc6 46. Ke3
Kg7 47. Kf4 Kf6 48. h3 Bg2 49. h4 h5 50. Ke3 Ke5 51. Kf2 Bh3 52. Kf3 Bg4+ 53.
Ke3 Bd1 54. Kd2 Ba4 55. Ke3 Bb5 56. Kf3 Bc6+ 57. Ke3 Be4 58. Kd2 Kd4 59. Ke2
Bc6 60. Kf2 Ke4 61. Kg1 Ke3 62. Kh2 Kf3 63. Kh3 Bd7 64. Kh2 Bc8 0-1

[Event "Open Loire 2008-2009"]
[Site "Loire"]
[Date "2009.01.10"]
[Round "6.10"]
[White "Rasle, Jean-Michel"]
[Black "Martin, Julien"]
[Result "1-0"]
[WhiteElo "1620"]
[BlackElo "1450"]
[PlyCount "102"]
[EventDate "2009.??.??"]

1. d4 d5 2. c4 Nf6 3. Nc3 dxc4 4. e3 e6 5. Bxc4 c6 6. Nf3 b5 7. Bd3 Nd5 8. O-O
Nxc3 9. bxc3 Nd7 10. e4 Be7 11. Ne1 e5 12. Be3 Bg5 13. Bxg5 Qxg5 14. Nf3 Qe7
15. Re1 O-O 16. Qb3 a5 17. Rac1 a4 18. Qb4 Qxb4 19. cxb4 Bb7 20. Rcd1 exd4 21.
Nxd4 Ne5 22. Bb1 Rac8 23. Nf5 Rc7 24. Rc1 Bc8 25. Nd6 Rd7 26. Nxc8 Rxc8 27. Rc5
Nd3 28. Bxd3 Rxd3 29. Rec1 g6 30. f3 Rd4 31. Rxb5 cxb5 32. Rxc8+ Kg7 33. a3 Rd3
34. Rc5 Rxa3 35. Rxb5 Ra1+ 36. Kf2 a3 37. Ra5 a2 38. Kg3 Rb1 39. Rxa2 Rxb4 40.
Ra7 h6 41. h4 h5 42. Kf4 Rb6 43. e5 Rb4+ 44. Kg5 Rb5 45. Kf4 Rb4+ 46. Kg3 Rb6
47. Ra4 f5 48. Rd4 Kf7 49. Kf4 Ke6 50. Rd6+ Rxd6 51. exd6 Kxd6 1-0

[Event "Open Loire 2008-2009"]
[Site "Loire"]
[Date "2009.01.10"]
[Round "6.11"]
[White "Buisine, Roman"]
[Black "Mougne, William"]
[Result "1-0"]
[WhiteElo "1590"]
[BlackElo "1399"]
[PlyCount "63"]
[EventDate "2009.??.??"]

1. e4 g6 2. d4 d6 3. Nf3 Bg7 4. Bc4 Be6 5. Bxe6 fxe6 6. O-O Nc6 7. c3 d5 8. Re1
Qd6 9. Nbd2 e5 10. exd5 Qxd5 11. dxe5 Nxe5 12. Nxe5 Bxe5 13. Nf3 Qxd1 14. Rxd1
Bd6 15. Be3 Nf6 16. Rd3 b6 17. Rad1 O-O-O 18. Bd4 Bc5 19. Bxc5 bxc5 20. Ne5
Rxd3 21. Rxd3 Rd8 22. Rxd8+ Kxd8 23. Nc6+ Kd7 24. Nxa7 e5 25. Nb5 Kc6 26. Na3
Ne4 27. Kf1 Kd5 28. Ke2 c6 29. Nc2 Nd6 30. Ne3+ Ke4 31. g3 h5 32. f3# 1-0

[Event "Open Loire 2008-2009"]
[Site "Loire"]
[Date "2009.01.10"]
[Round "6.12"]
[White "Rasle, Corentin"]
[Black "Chabas, Jean-Luc"]
[Result "0-1"]
[WhiteElo "1420"]
[BlackElo "1570"]
[PlyCount "132"]
[EventDate "2009.??.??"]

1. d4 d5 2. c4 c6 3. Nc3 Nf6 4. Nf3 e6 5. Bg5 Be7 6. e3 Nbd7 7. Bd3 dxc4 8.
Bxc4 b5 9. Bd3 h6 10. Bxf6 Nxf6 11. O-O O-O 12. Bc2 Qb6 13. Qd3 Ba6 14. Ne4 Nd5
15. Nc5 f5 16. Nd7 Qb7 17. Nxf8 Nb4 18. Qb3 Bxf8 19. Qxe6+ Qf7 20. Qxf7+ Kxf7
21. Bxf5 Bb7 22. a3 Nd5 23. Rac1 Kf6 24. Be4 Bd6 25. Bxd5 cxd5 26. Rc3 a5 27.
Ra1 Rd8 28. b3 Ke6 29. a4 b4 30. Rc2 Rd7 31. Re1 Kf6 32. e4 dxe4 33. Nd2 Re7
34. Nf1 Bf4 35. Rce2 Bd5 36. Rb1 Kg6 37. f3 e3 38. g3 Bxf3 39. gxf4 Bxe2 40.
Re1 Bxf1 41. Kxf1 Kf5 42. Ke2 Ke4 43. Rg1 Kxd4 44. Rg3 Kc3 45. Rxe3+ Rxe3+ 46.
Kxe3 Kxb3 47. Ke4 Kc4 48. Kf5 b3 49. Ke6 g6 50. Kf7 b2 51. Kxg6 b1=Q+ 52. Kxh6
Qf5 53. h4 Qxf4+ 54. Kh5 Qg3 55. Kh6 Qxh4+ 56. Kg6 Kb4 57. Kf5 Kxa4 58. Ke5 Kb4
59. Kd5 a4 60. Kd6 Qg5 61. Ke6 a3 62. Kd6 a2 63. Ke6 a1=Q 64. Kd6 Qa6+ 65. Kc7
Qg7+ 66. Kb8 Qgb7# 0-1

[Event "Open Loire 2008-2009"]
[Site "Loire"]
[Date "2009.01.10"]
[Round "6.13"]
[White "Daillere, Roland"]
[Black "Liogier, Pascal"]
[Result "1/2-1/2"]
[WhiteElo "1410"]
[BlackElo "1499"]
[PlyCount "110"]
[EventDate "2009.??.??"]

1. e4 c6 2. d4 d5 3. exd5 cxd5 4. Nf3 Nf6 5. Bg5 Qb6 6. b3 Bf5 7. Bd3 Bxd3 8.
Qxd3 Ne4 9. O-O Nd7 10. c4 e6 11. Nbd2 Nxg5 12. Nxg5 h6 13. Ngf3 Bb4 14. a3
Bxd2 15. Nxd2 Rc8 16. c5 Qd8 17. Qg3 O-O 18. Rac1 b6 19. b4 bxc5 20. dxc5 a5
21. Qg4 Nf6 22. Qh4 axb4 23. axb4 Rc6 24. Nb3 Qb8 25. Nd4 Qxb4 26. Nf3 Qxh4 27.
Nxh4 Rxc5 28. Nf3 Rfc8 29. Nd4 Ne4 30. Ra1 Rc4 31. Nb5 Rc2 32. h4 Nc3 33. Nd6
Ne2+ 34. Kh2 R8c6 35. Ra8+ Kh7 36. Nxf7 Rc8 37. Rxc8 Rxc8 38. Re1 Rf8 39. Rxe2
Rxf7 40. Kg3 Rf6 41. f4 h5 42. Kf3 d4 43. Ke4 d3 44. Kxd3 Rxf4 45. Rxe6 Rxh4
46. Ke3 Rg4 47. Kf3 g5 48. Ra6 Rf4+ 49. Kg3 h4+ 50. Kh3 Kg7 51. Rb6 Rf6 52.
Rxf6 Kxf6 53. Kg4 Kg6 54. g3 hxg3 55. Kxg3 Kh5 1/2-1/2

[Event "Open Loire 2008-2009"]
[Site "Loire"]
[Date "2009.01.10"]
[Round "6.14"]
[White "Desassis, Emmeran"]
[Black "Swietlicki, Jordan"]
[Result "0-1"]
[WhiteElo "1140"]
[BlackElo "1210"]
[PlyCount "74"]
[EventDate "2009.??.??"]

1. d4 d5 2. Nc3 Nf6 3. Bf4 Nc6 4. Nb5 e5 5. dxe5 Nh5 6. Be3 Nxe5 7. Bd4 Nc6 8.
Be3 Be7 9. Nc3 Nf6 10. Bf4 a6 11. Be3 d4 12. Bxd4 Nxd4 13. e3 Nc6 14. Qe2 O-O
15. Qf3 Bg4 16. Qf4 Nb4 17. f3 Nxc2+ 18. Kf2 Nxa1 19. fxg4 Qd2+ 20. Nge2 Nc2
21. Ne4 Nxe4+ 22. Qxe4 Rfe8 23. g3 Bg5 24. Qf5 Qxe3+ 25. Kg2 Ne1+ 26. Kh3 Bf6
27. Nf4 Re5 28. Qd7 Bg5 29. Bd3 Bxf4 30. Rg1 Qxg1 31. Qxc7 Rh5+ 32. gxh5 Bxc7
33. Kh4 Qxh2+ 34. Kg4 Qxg3+ 35. Kf5 Qxd3+ 36. Kg4 Qf3+ 37. Kg5 Bd8# 0-1

[Event "Open Loire 2008-2009"]
[Site "Loire"]
[Date "2009.01.10"]
[Round "6.15"]
[White "Laffin, Mickael"]
[Black "Paratcha, Yohan"]
[Result "0-1"]
[WhiteElo "1199"]
[BlackElo "1390"]
[PlyCount "52"]
[EventDate "2009.??.??"]

1. e4 c6 2. d4 d5 3. f3 Nd7 4. c3 e5 5. Nd2 c5 6. Bb5 cxd4 7. cxd4 Bd6 8. Ne2
Ngf6 9. f4 exf4 10. exd5 Nxd5 11. Nc4 Bb4+ 12. Bd2 Bxd2+ 13. Qxd2 O-O 14. O-O-O
N7b6 15. Ne5 Ne3 16. Nxf4 Nxd1 17. Qxd1 Nd5 18. Nxd5 Qxd5 19. Nf3 Qxb5 20. d5
Bf5 21. Ng5 Qa5 22. d6 Rac8+ 23. Qc2 Rxc2+ 24. Kb1 Qd2 25. a3 Rxb2+ 26. Ka1
Ra2# 0-1

[Event "Open Loire 2008-2009"]
[Site "Loire"]
[Date "2009.01.10"]
[Round "6.16"]
[White "Victoria, Philippe"]
[Black "Boeuf, Jean Julien"]
[Result "0-1"]
[WhiteElo "1199"]
[BlackElo "1280"]
[PlyCount "76"]
[EventDate "2009.??.??"]

1. f4 d6 2. Nf3 Nf6 3. g3 g6 4. Bg2 Bg7 5. O-O O-O 6. d4 b6 7. c4 Bb7 8. d5
Nbd7 9. Nc3 c6 10. e4 cxd5 11. exd5 Ba6 12. b3 Nxd5 13. Qxd5 Bxc3 14. Rb1 Rb8
15. f5 Bb7 16. Qd3 Bg7 17. fxg6 fxg6 18. Bb2 Bxb2 19. Rxb2 Nc5 20. Qe3 e5 21.
Rff2 Qe7 22. Ng5 Bxg2 23. Kxg2 Rxf2+ 24. Rxf2 Rf8 25. Rxf8+ Qxf8 26. Qd2 Qf5
27. Nf3 Ne4 28. Qd5+ Kg7 29. Qb7+ Kh6 30. Qxa7 Nc3 31. Qxb6 e4 32. Qe3+ g5 33.
Qxc3 exf3+ 34. Qxf3 Qc2+ 35. Kh3 Kg6 36. a4 Qa2 37. Qc6 Kh5 38. b4 g4# 0-1

[Event "Open Loire 2008-2009"]
[Site "Loire"]
[Date "2009.01.10"]
[Round "6.17"]
[White "Choquelle, Jean"]
[Black "Allabrune, Guillaume"]
[Result "0-1"]
[WhiteElo "1120"]
[BlackElo "1250"]
[PlyCount "76"]
[EventDate "2009.??.??"]

1. c4 e5 2. Nc3 Nf6 3. g3 d5 4. b3 d4 5. Na4 Bb4 6. Bb2 a6 7. Bg2 Nc6 8. Rc1
Bf5 9. h3 Qd7 10. Nf3 b5 11. Nc3 dxc3 12. Bxc3 bxc4 13. bxc4 Rb8 14. O-O Ne4
15. Bxe5 Nxe5 16. Nxe5 Qxd2 17. Bf3 Qxd1 18. Rcxd1 Nc3 19. Bc6+ Kf8 20. Nd7+
Bxd7 21. Rxd7 Nxe2+ 22. Kg2 g6 23. Bd5 Kg7 24. Rxf7+ Kh6 25. Rd1 Nc3 26. Rd4
Nxd5 27. Rh4+ Kg5 28. Rg4+ Kh5 29. Rh4+ Kg5 30. f4+ Nxf4+ 31. Rfxf4 h5 32. Kf3
Rhf8 33. Ke4 Rxf4+ 34. Rxf4 Bd6 35. h4+ Kh6 36. Rf7 Bxg3 37. c5 Rb4+ 38. Ke3
Rxh4 0-1

[Event "Open Loire 2008-2009"]
[Site "Loire"]
[Date "2009.01.10"]
[Round "6.18"]
[White "Massard, Quentin"]
[Black "Coulomb, Marc"]
[Result "1-0"]
[WhiteElo "1200"]
[BlackElo "1009"]
[PlyCount "91"]
[EventDate "2009.??.??"]

1. g3 e5 2. Bg2 Bc5 3. e3 Nf6 4. Ne2 Ng4 5. O-O Qf6 6. h3 Nh6 7. Bxb7 Bxb7 8.
f4 Qc6 9. Kf2 Qf3+ 10. Ke1 Qg2 11. b3 Qxg3+ 12. Nxg3 Bg2 13. Bb2 O-O 14. Bxe5
Bxf1 15. Qf3 c6 16. Qxf1 Be7 17. Qd3 a6 18. Nf5 Nxf5 19. Qxf5 Bh4+ 20. Ke2 d6
21. Bxd6 Re8 22. Bxb8 Bf6 23. c3 Raxb8 24. d4 Ra8 25. Qc5 Rac8 26. Qb6 Bd8 27.
Qxa6 Bf6 28. b4 Rb8 29. Qxc6 Rec8 30. Qe4 Re8 31. Qf3 Re7 32. d5 Rd8 33. c4
Bxa1 34. b5 Rc7 35. Qe4 Rc5 36. b6 Rcc8 37. b7 Rb8 38. d6 Rxd6 39. c5 Rd7 40.
c6 Rc7 41. Qe8+ Rxe8 42. Nd2 Rxc6 43. Ne4 Rxe4 44. b8=Q+ Rc8 45. Qxc8+ Re8 46.
Qxe8# 1-0

[Event "Open Loire 2008-2009"]
[Site "Loire"]
[Date "2009.03.07"]
[Round "7.1"]
[White "Jan, Christophe"]
[Black "Mazet, Christian"]
[Result "1-0"]
[WhiteElo "1700"]
[BlackElo "1570"]
[PlyCount "62"]
[EventDate "2009.??.??"]

1. e4 e5 2. Nf3 Nc6 3. Bc4 Nf6 4. d4 d6 5. dxe5 Nxe5 6. Nxe5 dxe5 7. Bxf7+ Ke7
8. Qxd8+ Kxd8 9. f3 Bc5 10. Nc3 c6 11. Bd2 Ke7 12. Bb3 Rd8 13. O-O-O Be6 14.
Bxe6 Kxe6 15. g4 h6 16. h4 Rf8 17. Rdf1 Ng8 18. h5 Rf7 19. Nd1 Raf8 20. Rh3 Nf6
21. Ne3 Nxe4 22. Nf5 Nxd2 23. Kxd2 Rd8+ 24. Kc3 Rfd7 25. f4 Bd4+ 26. Kb3 exf4
27. Rxf4 Bf6 28. Rhf3 Rd5 29. c3 b5 30. Nxh6 Bg5 31. Re4+ Re5 1-0

[Event "Open Loire 2008-2009"]
[Site "Loire"]
[Date "2009.03.07"]
[Round "7.2"]
[White "Carteron, Olivier"]
[Black "Moleins, Adrien"]
[Result "1-0"]
[WhiteElo "1660"]
[BlackElo "1582"]
[PlyCount "39"]
[EventDate "2009.??.??"]

1. e4 e5 2. Nf3 Nc6 3. Bc4 Bc5 4. c3 Nf6 5. d4 exd4 6. cxd4 Bb4+ 7. Bd2 Nxe4 8.
Bxb4 Nxb4 9. Qb3 Qe7 10. O-O c6 11. Bxf7+ Qxf7 12. Qxb4 a5 13. Qa3 d5 14. Re1
Bf5 15. Ne5 Qf8 16. Qb3 O-O-O 17. f3 Nd6 18. Nc3 Kc7 19. Rac1 Kb8 20. Nxc6+ 1-0

[Event "Open Loire 2008-2009"]
[Site "Loire"]
[Date "2009.03.07"]
[Round "7.3"]
[White "Moleins, Jean-Pierre"]
[Black "Volay, Pascal"]
[Result "1/2-1/2"]
[WhiteElo "1730"]
[BlackElo "1450"]
[PlyCount "103"]
[EventDate "2009.??.??"]

1. g3 d5 2. d4 Nc6 3. Nf3 e6 4. Bg2 Be7 5. Nbd2 Nf6 6. O-O b6 7. c4 Bb7 8. Qa4
O-O 9. Ne5 Nxe5 10. dxe5 Qd7 11. Qc2 Ne8 12. Nb3 c6 13. c5 f6 14. exf6 Bxf6 15.
e4 Be7 16. Bh3 Qd8 17. Bxe6+ Kh8 18. exd5 cxd5 19. Qc3 Bc8 20. Qe5 Bxe6 21.
Qxe6 bxc5 22. Re1 c4 23. Nd4 Bc5 24. Be3 Bxd4 25. Bxd4 Nf6 26. Rad1 Re8 27.
Bxf6 Rxe6 28. Bxd8 Rxe1+ 29. Rxe1 Rxd8 30. f4 d4 31. Rd1 g6 32. Kf2 Kg7 33. Kf3
Kf6 34. Ke4 d3 35. Rd2 a5 36. a4 Rb8 37. Kd4 Rb4 38. Kc3 Rxa4 39. b3 cxb3 40.
Kxb3 Rd4 41. Kc3 Rd6 42. Kc4 Ke6 43. Rxd3 Rxd3 44. Kxd3 Kd5 45. Kc3 Kc5 46. h4
a4 47. h5 a3 48. hxg6 hxg6 49. g4 a2 50. Kb2 Kd5 51. f5 gxf5 52. gxf5 1/2-1/2

[Event "Open Loire 2008-2009"]
[Site "Loire"]
[Date "2009.03.07"]
[Round "7.4"]
[White "Desassis, Maxence"]
[Black "Trottet, Francois"]
[Result "1-0"]
[WhiteElo "1570"]
[BlackElo "1480"]
[PlyCount "79"]
[EventDate "2009.??.??"]

1. d4 Nf6 2. Nf3 d5 3. Bg5 e6 4. e3 a6 5. Bd3 Nbd7 6. Nbd2 c5 7. b3 h6 8. Bh4
Qc7 9. c3 Be7 10. O-O O-O 11. Qc2 b6 12. e4 dxe4 13. Nxe4 cxd4 14. Bg3 e5 15.
cxd4 Qxc2 16. Bxc2 exd4 17. Nxd4 Bb7 18. Nd6 Bd5 19. N4f5 Bxd6 20. Nxd6 Nc5 21.
Rfe1 Ne6 22. Rad1 Rad8 23. Be5 Rd7 24. Bxf6 Rxd6 25. Be7 Rfd8 26. Bxd6 Rxd6 27.
Re5 Nc7 28. Be4 f6 29. Bxd5+ Nxd5 30. Rexd5 Rc6 31. Rd7 a5 32. Rb7 Kh7 33. g3
f5 34. Rdd7 Rg6 35. Rd8 h5 36. h4 Rf6 37. Rdb8 f4 38. Rxb6 Rf5 39. Rb5 Rf6 40.
Rxh5+ 1-0

[Event "Open Loire 2008-2009"]
[Site "Loire"]
[Date "2009.03.07"]
[Round "7.5"]
[White "Chambosse, Alexis"]
[Black "Gregoire, Patrick"]
[Result "0-1"]
[WhiteElo "1540"]
[BlackElo "1560"]
[PlyCount "72"]
[EventDate "2009.??.??"]

1. e4 e6 2. d4 d5 3. e5 c5 4. c3 Qb6 5. Nf3 Nc6 6. Be2 cxd4 7. cxd4 Bb4+ 8. Nc3
Nge7 9. O-O Nf5 10. Bb5 Bd7 11. Bxc6 Bxc6 12. g4 Ne7 13. Bd2 h5 14. h3 O-O-O
15. Rc1 Kb8 16. Bg5 hxg4 17. hxg4 Rh3 18. Kg2 Rdh8 19. a3 Bxc3 20. bxc3 Qc7 21.
Qd2 Ng6 22. Rh1 Rxh1 23. Rxh1 Rxh1 24. Kxh1 Qa5 25. Qb2 Qa6 26. Kg2 Qd3 27. Qb4
a6 28. Nh4 Qe4+ 29. Kg3 Nxh4 30. Bxh4 Qd3+ 31. f3 Qb5 32. Qf8+ Ka7 33. Qxf7 Qf1
34. Bd8 Qg1+ 35. Kh4 Qh2+ 36. Kg5 Qh6# 0-1